Accelerated (Record no. 78261)

MARC details
000 -LEADER
fixed length control field 00807cab a2200217 4500
001 - CONTROL NUMBER
control field L136378
008 - FIXED-LENGTH DATA ELEMENTS--GENERAL INFORMATION
fixed length control field 070130n2007 000 0 eng u
035 ## - SYSTEM CONTROL NUMBER
System control number (Sirsi) u136378
041 0# - LANGUAGE CODE
Language code of text/sound track or separate title eng
100 1# - MAIN ENTRY--PERSONAL NAME
Personal name Hickman, Neil
245 00 - TITLE STATEMENT
Title Accelerated
Remainder of title or not
260 ## - PUBLICATION, DISTRIBUTION, ETC.
Date of publication, distribution, etc. 2007
490 00 - SERIES STATEMENT
Series statement Law Society's Gazette
Volume/sequential designation 104(03) 18 January 2007, 31(1)
520 ## - SUMMARY, ETC.
Summary, etc. Looks at recovering possession for landlords under the Housing Act 1988 S21 and through an accelerated procedure under the Civil Procedure Rules Parts 55.11 to 55.19.
590 ## - LOCAL NOTE (RLIN)
Local note KA
650 24 - SUBJECT ADDED ENTRY--TOPICAL TERM
Topical term or geographic name entry element HOUSING ACT 1988 S21
650 24 - SUBJECT ADDED ENTRY--TOPICAL TERM
Topical term or geographic name entry element CIVIL PROCEDURE RULES PART 55
651 #4 - SUBJECT ADDED ENTRY--GEOGRAPHIC NAME
Geographic name England and Wales
Chronological subdivision 1543-
690 ## - LOCAL SUBJECT ADDED ENTRY--TOPICAL TERM (OCLC, RLIN)
Topical term or geographic name as entry element PROPERTY-RESIDENTIAL PROPERTY-RESIDENTIAL LANDLORD AND TENANT-RESIDENTIAL LEASES-BREACHING RESIDENTIAL LEASES
942 ## - ADDED ENTRY ELEMENTS (KOHA)
Suppress in OPAC 0
Holdings
Withdrawn status Lost status Source of classification or shelving scheme Damaged status Not for loan Home library Current library Shelving location Date acquired Total Checkouts Full call number Barcode Date last seen Copy number Price effective from Koha item type
    Dewey Decimal Classification     London London Journal article 30/01/2007   L136378 136378-2001 06/08/2019 1 06/08/2019 Journal article